Statistics for Every Kyoto Animation TV Anime Series

Click here to take the quiz!

General Stats

  • This quiz has been taken 24 times
  • The average score is 14 of 28

Answer Stats

AnimeStarted Airing% Correct
K-On!!2010
82%
K-On!2009
82%
Violet Evergarden2018
77%
The Melancholy of Haruhi Suzumiya Season 22009
59%
Free! Dive to the Future2018
59%
The Melancholy of Haruhi Suzumiya2006
59%
Free! Eternal Summer2014
59%
Free! Iwatobi Swim Club2013
59%
Tamako Market2013
59%
Miss Kobayashi's Dragon Maid2017
55%
Hyouka2012
55%
Sound! Euphonium 22016
55%
Nichijou - My Ordinary Life2011
55%
Sound! Euphonium2015
55%
Clannad After Story2008
55%
Clannad2007
55%
Lucky☆Star2007
55%
Love, Chunibyo and Other Delusions! -Heart Throb-2014
50%
Love, Chunibyo & Other Delusions2012
50%
Air2005
45%
Kanon2006
41%
Full Metal Panic? Fumoffu2003
36%
Full Metal Panic! The Second Raid2005
36%
Myriad Colors Phantom World2016
32%
Beyond the Boundary2013
32%
Amagi Brilliant Park2014
27%
Tsurune2018
23%
Sora o Miageru Shōjo no Hitomi ni Utsuru Sekai2009
18%

Score Distribution

Percentile by Number Answered

Percent of People with Each Score

Your Score History

You have not taken this quiz